[Event "European Blitz Championship 2021"]
[Site "Katowice"]
[Date "2021.12.17"]
[Round "21.14"]
[White "Paprocki, Jaroslaw"]
[Black "Pavlidou, Ekaterini"]
[Result "0-1"]
[WhiteElo "2165"]
[BlackElo "2177"]
[Annotator "NA"]
[PlyCount "100"]
[EventDate "2021.12.17"]
[EventType "swiss"]
[EventCountry "POL"]
[SourceTitle "playchess.com"]
[Source "ChessBase"]
[SourceQuality "1"]

1. Nf3 c5 2. g3 Nc6 3. c4 e5 4. Nc3 g6 5. Bg2 Bg7 6. O-O d6 7. Ne1 Nge7 8. Nc2
O-O 9. d3 h6 10. Rb1 a5 11. Ne3 f5 12. Ned5 Be6 13. f4 Rb8 14. e4 Nd4 15. Be3
Nec6 16. a3 Kh7 17. Kh1 exf4 18. gxf4 Qd7 19. Qd2 Rbe8 20. Rbe1 Qf7 21. Bg1 Nb3
22. Qd1 Nbd4 23. Qd2 Nb3 24. Qd1 Nbd4 25. Re3 h5 26. Bf2 fxe4 27. Rxe4 Bf5 28.
Rxe8 Rxe8 29. Ne4 Ne6 30. Nxd6 Qd7 31. Nxe8 Qxe8 32. Re1 Qd7 33. Be4 Ned4 34.
Bh4 Bg4 35. Qd2 Nf3 36. Bxf3 Bxf3+ 37. Kg1 Qg4+ 38. Bg3 Bd4+ 39. Ne3 Ne7 40.
Kf2 Nf5 41. b4 Bc6 42. Qe2 Bxe3+ 43. Qxe3 Nxe3 44. Rxe3 Qh3 45. b5 Qg2+ 46. Ke1
Bf3 47. a4 Qg1+ 48. Kd2 Qd1+ 49. Kc3 Qc1+ 50. Kb3 Bd1+ 0-1

[Event "European Blitz Championship 2021"]
[Site "Katowice"]
[Date "2021.12.17"]
[Round "21.15"]
[White "Budrewicz, Krzysztof"]
[Black "Sadzikowski, Daniel"]
[Result "1/2-1/2"]
[WhiteElo "2183"]
[BlackElo "2525"]
[Annotator "ChessBase"]
[PlyCount "127"]
[EventDate "2021.12.17"]
[EventType "swiss"]
[EventCountry "POL"]
[SourceTitle "playchess.com"]
[Source "ChessBase"]
[SourceQuality "1"]

1. d4 Nf6 2. c4 e6 3. Nf3 d5 4. Nc3 dxc4 5. e3 a6 6. Bxc4 b5 7. Be2 Bb7 8. O-O
Nbd7 9. b3 Be7 10. Bb2 O-O 11. a4 b4 12. Nb1 c5 13. Nbd2 Nd5 14. Rc1 Rc8 15.
Nc4 cxd4 16. exd4 N7f6 17. Re1 Ne4 18. Bd3 Nec3 19. Qd2 Bf6 20. Nfe5 g6 21. Qh6
Bg7 22. Qd2 Qc7 23. h4 f6 24. Ng4 Nf4 25. Bf1 h5 26. Nge3 Qb8 27. Bxc3 bxc3 28.
Rxc3 Rfd8 29. g3 Nd5 30. Nxd5 Bxd5 31. Rec1 Qa7 32. Ne3 Rxc3 33. Qxc3 Be4 34.
Qc5 Qxc5 35. dxc5 a5 36. c6 Rc8 37. Bg2 Bxg2 38. Kxg2 Kf8 39. Rc4 Ke7 40. Nc2
e5 41. Rc5 Kd6 42. Rxa5 Rxc6 43. Ne3 f5 44. Nc4+ Ke6 45. Rb5 Rc7 46. a5 e4 47.
a6 Bd4 48. Kf1 Ra7 49. Ra5 Bc3 50. Ra4 Kd5 51. Ne3+ Ke6 52. Ke2 Be5 53. Nc4 Bd4
54. b4 Kd5 55. Na3 Kc6 56. b5+ Kc5 57. Rc4+ Kd5 58. Rc6 Bc5 59. Nb1 Rg7 60. Nd2
Bb4 61. Nc4 g5 62. hxg5 Rxg5 63. Nb6+ Ke5 64. a7 1/2-1/2

[Event "European Blitz Championship 2021"]
[Site "Katowice"]
[Date "2021.12.17"]
[Round "21.15"]
[White "Zgadzaj, Rafal"]
[Black "Sliwicka, Alicja"]
[Result "0-1"]
[WhiteElo "2087"]
[BlackElo "2155"]
[Annotator "NA"]
[PlyCount "100"]
[EventDate "2021.12.17"]
[EventType "swiss"]
[EventCountry "POL"]
[SourceTitle "playchess.com"]
[Source "ChessBase"]
[SourceQuality "1"]

1. c4 c5 2. Nf3 Nc6 3. Nc3 e5 4. g3 g6 5. Bg2 Bg7 6. O-O Nge7 7. Ne1 d6 8. Nc2
Be6 9. Ne3 a6 10. Ned5 Rb8 11. a3 b5 12. Nxe7 Nxe7 13. cxb5 axb5 14. b4 c4 15.
a4 bxa4 16. Qxa4+ Qd7 17. Qxd7+ Bxd7 18. b5 Nc8 19. Ra6 Nb6 20. Ba3 Bf8 21. Rb1
f5 22. Ra7 Be7 23. Bc6 Kd8 24. Nd5 Ke8 25. Nxb6 Rxb6 26. Ra8+ Bd8 27. Bxd6 Bxc6
28. Rxd8+ Kxd8 29. bxc6 Rxb1+ 30. Kg2 Kc8 31. Bxe5 Rb6 32. Bxh8 Rxc6 33. Bc3
Kd7 34. h4 Ke6 35. e3 Ra6 36. Kf3 h6 37. g4 fxg4+ 38. Kxg4 Rb6 39. f4 Rb5 40.
e4 h5+ 41. Kf3 Rb1 42. Kg3 Rg1+ 43. Kf3 Rg4 44. Be5 Rxh4 45. Ke3 Rg4 46. Kd4 h4
47. Kxc4 h3 48. Kd4 Kf7 49. f5 gxf5 50. d3 f4 0-1

[Event "European Blitz Championship 2021"]
[Site "Katowice"]
[Date "2021.12.17"]
[Round "21.16"]
[White "Vetoshko, Volodymyr"]
[Black "Brodowski, Piotr"]
[Result "1-0"]
[WhiteElo "2525"]
[BlackElo "2335"]
[Annotator "ChessBase"]
[PlyCount "75"]
[EventDate "2021.12.17"]
[EventType "swiss"]
[EventCountry "POL"]
[SourceTitle "playchess.com"]
[Source "ChessBase"]
[SourceQuality "1"]

1. e4 g6 2. d4 Bg7 3. Nc3 d6 4. Be3 c6 5. a4 Nd7 6. Nf3 a5 7. Bc4 d5 8. exd5
Nb6 9. Be2 cxd5 10. Ne5 Nf6 11. Bb5+ Nfd7 12. O-O O-O 13. Bf4 Nf6 14. Qe2 Bf5
15. Bd3 Be6 16. Nb5 Rc8 17. b3 Nbd7 18. h3 Qb6 19. Rae1 Rfe8 20. Bh2 Ne4 21.
Bxe4 dxe4 22. Qxe4 Nxe5 23. Bxe5 Bf5 24. Qe3 Bxc2 25. Bxg7 Kxg7 26. Rc1 Qf6 27.
Rfe1 Bf5 28. Qd2 Bd7 29. Qxa5 Qf4 30. Rxc8 Rxc8 31. Qb4 Rc2 32. Rf1 Qg5 33. Kh1
Qd5 34. Kg1 Qg5 35. Kh1 Qd5 36. Qxe7 Bxh3 37. Qe5+ Qxe5 38. dxe5 1-0

[Event "European Blitz Championship 2021"]
[Site "Katowice"]
[Date "2021.12.17"]
[Round "21.16"]
[White "Pacuszka, Tomasz"]
[Black "Malek, Jan"]
[Result "0-1"]
[WhiteElo "2145"]
[BlackElo "1838"]
[Annotator "NA"]
[PlyCount "59"]
[EventDate "2021.12.17"]
[EventType "swiss"]
[EventCountry "POL"]
[SourceTitle "playchess.com"]
[Source "ChessBase"]
[SourceQuality "1"]

1. e4 c5 2. Be2 Nc6 3. f4 g6 4. Nf3 Bg7 5. d3 Rb8 6. O-O b5 7. h3 d6 8. Nbd2 a5
9. c3 a4 10. Rb1 Be6 11. c4 Nd4 12. Nxd4 Bxd4+ 13. Kh2 Qa5 14. f5 Bd7 15. Nf3
Bg7 16. Bd2 Qc7 17. b3 axb3 18. axb3 Nf6 19. Kg1 O-O 20. g4 Bc6 21. Kg2 gxf5
22. gxf5 Kh8 23. Rg1 Rg8 24. Kf2 e6 25. Nh4 Qe7 26. Bg5 h6 27. Bf4 Nxe4+ 28.
dxe4 Qxh4+ 29. Bg3 Qxe4 30. Ke1 0-1

[Event "European Blitz Championship 2021"]
[Site "Katowice"]
[Date "2021.12.17"]
[Round "21.17"]
[White "Gumularz, Szymon"]
[Black "Mis, Mieszko"]
[Result "1/2-1/2"]
[WhiteElo "2533"]
[BlackElo "2200"]
[Annotator "ChessBase"]
[PlyCount "117"]
[EventDate "2021.12.17"]
[EventType "swiss"]
[EventCountry "POL"]
[SourceTitle "playchess.com"]
[Source "ChessBase"]
[SourceQuality "1"]

1. e4 c6 2. Nc3 d5 3. Nf3 a6 4. h3 d4 5. Nb1 c5 6. a4 Nf6 7. e5 Nd5 8. Bc4 Nc6
9. d3 e6 10. O-O Be7 11. Nbd2 Rb8 12. Ne4 b5 13. axb5 axb5 14. Bb3 Bb7 15. Bg5
f6 16. exf6 gxf6 17. Bh6 Rg8 18. Nh4 Kd7 19. Re1 Qc7 20. Qh5 Ne5 21. f4 Ng6 22.
f5 Ngf4 23. fxe6+ Kc6 24. Bxd5+ Nxd5 25. Nf5 Rg6 26. c4 dxc3 27. bxc3 Rbg8 28.
Ra2 Bc8 29. c4 bxc4 30. dxc4 Nb4 31. Rae2 Nd3 32. Rd1 Ne5 33. Nh4 Bxe6 34. Nxg6
Rxg6 35. Bf4 Bxc4 36. Rc2 Bd5 37. Bxe5 Qxe5 38. Qxe5 fxe5 39. Re2 c4 40. Rc1
Rg8 41. Nc3 Bc5+ 42. Kh2 Bd4 43. Nd1 Rb8 44. Nc3 Rb3 45. Ne4 Re3 46. Rxe3 Bxe3
47. Re1 Bxe4 48. Rxe3 Kd5 49. Kg3 Kd4 50. Kf2 c3 51. Ke2 Bxg2 52. Rg3 Be4 53.
Rg4 Kd5 54. Ke3 Bf5 55. Rg5 Bg6 56. h4 c2 57. Kd2 Ke6 58. h5 Be4 59. Rg4
1/2-1/2

[Event "European Blitz Championship 2021"]
[Site "Katowice"]
[Date "2021.12.17"]
[Round "21.17"]
[White "Redzisz, Michal"]
[Black "Karpus, Michal"]
[Result "1-0"]
[WhiteElo "2257"]
[BlackElo "2129"]
[Annotator "NA"]
[PlyCount "61"]
[EventDate "2021.12.17"]
[EventType "swiss"]
[EventCountry "POL"]
[SourceTitle "playchess.com"]
[Source "ChessBase"]
[SourceQuality "1"]

1. Nf3 Nf6 2. c4 g6 3. d4 Bg7 4. g3 O-O 5. Bg2 e6 6. O-O d5 7. Nbd2 b6 8. Qc2
Bb7 9. b3 Qe7 10. Bb2 Na6 11. Rac1 c5 12. e3 Rfd8 13. a3 Rac8 14. Qb1 cxd4 15.
exd4 dxc4 16. bxc4 Nb8 17. Rfd1 Qe8 18. Qa1 Nh5 19. a4 a5 20. Re1 Qd7 21. Ne5
Qc7 22. d5 exd5 23. cxd5 Qd6 24. Ndc4 Qb4 25. Ba3 Qxa4 26. Nxb6 Rxc1 27. Qxc1
Qb5 28. Qc7 Re8 29. Qxf7+ Kh8 30. Nxg6+ hxg6 31. Qxe8+ 1-0

[Event "European Blitz Championship 2021"]
[Site "Katowice"]
[Date "2021.12.17"]
[Round "21.18"]
[White "Zakrzewski, Marek"]
[Black "Sumets, Andrey"]
[Result "0-1"]
[WhiteElo "2279"]
[BlackElo "2527"]
[Annotator "ChessBase"]
[PlyCount "144"]
[EventDate "2021.12.17"]
[EventType "swiss"]
[EventCountry "POL"]
[SourceTitle "playchess.com"]
[Source "ChessBase"]
[SourceQuality "1"]

1. e4 e6 2. d4 d5 3. Nd2 c5 4. Ngf3 cxd4 5. Nxd4 Nf6 6. exd5 Nxd5 7. N2f3 Bb4+
8. Bd2 Bxd2+ 9. Qxd2 O-O 10. Be2 b6 11. O-O Bb7 12. Rfd1 Nd7 13. c4 N5f6 14.
Nb5 Bc6 15. Nfd4 Bxb5 16. Nxb5 a6 17. Nd6 Qc7 18. Qe3 Rad8 19. b4 Nb8 20. Ne4
Nxe4 21. Qxe4 Nd7 22. Rac1 Nf6 23. Qe3 h6 24. h3 Rxd1+ 25. Rxd1 Rc8 26. Rd4 a5
27. a3 e5 28. Rd1 e4 29. Qd4 axb4 30. axb4 Ra8 31. c5 bxc5 32. bxc5 Rc8 33. Rc1
Rd8 34. Qb4 Qc6 35. Qb6 Rc8 36. Qxc6 Rxc6 37. Bb5 Rc7 38. c6 Kf8 39. Kf1 Ke7
40. Ke2 Kd6 41. Ba4 Nd5 42. Rd1 Ke5 43. Rc1 f5 44. g3 g5 45. Rc5 Kd4 46. Ra5
Nc3+ 47. Kf1 f4 48. gxf4 gxf4 49. h4 Kd3 50. Bb5+ Nxb5 51. Rxb5 Rxc6 52. Rd5+
Kc4 53. Rd8 Rc5 54. Ke2 Rh5 55. Re8 Kd4 56. Rd8+ Rd5 57. Re8 Ra5 58. Rd8+ Rd5
59. Re8 f3+ 60. Ke1 Kd3 61. Re6 Rh5 62. Rd6+ Kc4 63. Rd8 Rxh4 64. Kd2 Rh1 65.
Ke3 Re1+ 66. Kf4 Re2 67. Rh8 Kd3 68. Rxh6 Rxf2 69. Rd6+ Ke2 70. Kxe4 Rh2 71.
Ra6 Rh4+ 72. Kf5 f2 0-1

[Event "European Blitz Championship 2021"]
[Site "Katowice"]
[Date "2021.12.17"]
[Round "21.18"]
[White "Lewtak, Dominik"]
[Black "Hlavina, Matous"]
[Result "1/2-1/2"]
[WhiteElo "2165"]
[BlackElo "2125"]
[Annotator "NA"]
[PlyCount "79"]
[EventDate "2021.12.17"]
[EventType "swiss"]
[EventCountry "POL"]
[SourceTitle "playchess.com"]
[Source "ChessBase"]
[SourceQuality "1"]

1. e4 e6 2. g3 d5 3. Bg2 Nf6 4. d3 dxe4 5. dxe4 Qxd1+ 6. Kxd1 Bc5 7. Ke2 e5 8.
f3 b6 9. Be3 Ba6+ 10. Kf2 Nbd7 11. Nc3 O-O-O 12. Nge2 c6 13. Rhd1 Bxe3+ 14.
Kxe3 Nc5 15. Bh3+ Kc7 16. b4 Ne6 17. Bxe6 fxe6 18. f4 Ng4+ 19. Kf3 Nxh2+ 20.
Kg2 Ng4 21. Kf3 h5 22. a4 Bc4 23. a5 Rxd1 24. Rxd1 Rd8 25. Rxd8 Kxd8 26. axb6
axb6 27. Na4 Kc7 28. Nb2 Bxe2+ 29. Kxe2 exf4 30. gxf4 Nf6 31. Kf3 c5 32. bxc5
bxc5 33. Nd3 Kc6 34. Ne5+ Kb5 35. Nf7 Kc6 36. Nd8+ Kd7 37. Nb7 Kc6 38. Nd8+ Kd7
39. Nb7 Kc6 40. Nd8+ 1/2-1/2

[Event "European Blitz Championship 2021"]
[Site "Katowice"]
[Date "2021.12.17"]
[Round "21.19"]
[White "Nemec, Jachym"]
[Black "Andersen, Mads"]
[Result "1/2-1/2"]
[WhiteElo "2126"]
[BlackElo "2575"]
[Annotator "ChessBase"]
[PlyCount "68"]
[EventDate "2021.12.17"]
[EventType "swiss"]
[EventCountry "POL"]
[SourceTitle "playchess.com"]
[Source "ChessBase"]
[SourceQuality "1"]

1. d4 d5 2. c4 c6 3. Nf3 Nf6 4. e3 e6 5. Nc3 Nbd7 6. Qc2 Bd6 7. b3 O-O 8. Be2
b6 9. Bb2 Bb7 10. O-O Qe7 11. Rfe1 Rfe8 12. Rad1 Rad8 13. Bf1 e5 14. cxd5 e4
15. Ne5 Nxe5 16. dxe5 Bxe5 17. dxc6 Bxc6 18. h3 Rc8 19. Qb1 h5 20. Nb5 Bxb5 21.
Bxb5 Red8 22. Ba6 Rb8 23. Bf1 h4 24. Qa1 Bxb2 25. Qxb2 Rbc8 26. Ba6 Rc5 27. Bf1
Rdc8 28. Rd2 Rg5 29. Rc1 Re8 30. Kh1 Rf5 31. Kg1 Rg5 32. Kh1 Rf5 33. Kg1 Rg5
34. Kh1 Rf5 1/2-1/2

[Event "European Blitz Championship 2021"]
[Site "Katowice"]
[Date "2021.12.17"]
[Round "21.19"]
[White "Kaliszuk, Kamil"]
[Black "Szwed, Jacek"]
[Result "1-0"]
[WhiteElo "1830"]
[BlackElo "2346"]
[Annotator "NA"]
[PlyCount "143"]
[EventDate "2021.12.17"]
[EventType "swiss"]
[EventCountry "POL"]
[SourceTitle "playchess.com"]
[Source "ChessBase"]
[SourceQuality "1"]

1. e4 e6 2. d4 d5 3. exd5 exd5 4. Bd3 Nc6 5. c3 Bd6 6. h3 Nge7 7. Nf3 Bf5 8.
O-O O-O 9. Qc2 Bxd3 10. Qxd3 Ng6 11. Na3 a6 12. Nc2 Qf6 13. Bg5 Nf4 14. Bxf4
Qxf4 15. Ne3 Ne7 16. Rfe1 c6 17. Ng4 Nf5 18. Qd2 Qxd2 19. Nxd2 Rfe8 20. Nf3 f6
21. g3 h5 22. Ngh2 Kf7 23. Nf1 g5 24. Rxe8 Rxe8 25. Re1 Rb8 26. Ne3 Nxe3 27.
Rxe3 b5 28. Nd2 a5 29. Kf1 a4 30. a3 g4 31. h4 f5 32. Re1 f4 33. Kg2 Rg8 34.
gxf4 Bxf4 35. Nf1 Kf6 36. Ng3 Rh8 37. Ne2 Bd6 38. Ng3 Bc7 39. Ne2 Rh7 40. Ng3
Rh8 41. Re2 Bd6 42. Re1 Be7 43. Re5 Kf7 44. Nf5 Bf6 45. Nd6+ Kg6 46. Re6 Kg7
47. Ne8+ Kf7 48. Rxf6+ Kxe8 49. Rxc6 Rf8 50. Rc5 Rf3 51. Rxb5 Rh3 52. Rxd5 Rxh4
53. Re5+ Kd7 54. Re3 Kd6 55. c4 g3 56. fxg3 Rxd4 57. Kh3 Rxc4 58. Re2 Kd5 59.
Rd2+ Kc5 60. Rf2 Rc1 61. Rf5+ Kd4 62. Rf4+ Kd3 63. Rxa4 Rb1 64. Rb4 Kc2 65. Kh4
Rh1+ 66. Kg5 Rh3 67. Kf4 Rh1 68. a4 h4 69. Kf3 h3 70. g4 h2 71. Kg2 Rb1 72.
Kxh2 1-0

[Event "European Blitz Championship 2021"]
[Site "Katowice"]
[Date "2021.12.17"]
[Round "21.20"]
[White "Laurusas, Tomas"]
[Black "Wikar, Martyna"]
[Result "1-0"]
[WhiteElo "2553"]
[BlackElo "2168"]
[Annotator "ChessBase"]
[PlyCount "69"]
[EventDate "2021.12.17"]
[EventType "swiss"]
[EventCountry "POL"]
[SourceTitle "playchess.com"]
[Source "ChessBase"]
[SourceQuality "1"]

1. b3 d5 2. Bb2 Nf6 3. Nf3 c5 4. e3 Nc6 5. Bb5 Bd7 6. O-O e6 7. d3 Qc7 8. Nbd2
Be7 9. c4 a6 10. Bxc6 Bxc6 11. Rc1 O-O 12. Qe2 Rad8 13. Ne5 d4 14. exd4 cxd4
15. Nxc6 bxc6 16. c5 Rd5 17. b4 Rfd8 18. g3 Re5 19. Qf3 Rf5 20. Qe2 Re5 21. Qf3
Rf5 22. Qg2 e5 23. Rfe1 Nd5 24. a3 Bg5 25. Rc2 g6 26. Nc4 Be7 27. Rce2 f6 28.
Re4 Qd7 29. Bc1 Nc3 30. g4 Nxe4 31. Qxe4 Rg5 32. Bxg5 fxg5 33. Nxe5 Qd5 34.
Nxc6 Bf6 35. Nxd8 1-0

[Event "European Blitz Championship 2021"]
[Site "Katowice"]
[Date "2021.12.17"]
[Round "21.20"]
[White "Kacprzak, Karol"]
[Black "Kyc, Jerzy"]
[Result "0-1"]
[WhiteElo "2155"]
[BlackElo "2250"]
[Annotator "NA"]
[PlyCount "104"]
[EventDate "2021.12.17"]
[EventType "swiss"]
[EventCountry "POL"]
[SourceTitle "playchess.com"]
[Source "ChessBase"]
[SourceQuality "1"]

1. e4 c5 2. Nf3 d6 3. d4 cxd4 4. Nxd4 Nf6 5. Nc3 a6 6. Be3 e5 7. Nb3 Be7 8. h3
Be6 9. f4 exf4 10. Bxf4 Nc6 11. Qe2 Ne5 12. O-O-O Qc7 13. g4 h6 14. Kb1 b5 15.
Qg2 Nfd7 16. g5 h5 17. Nd5 Bxd5 18. exd5 O-O 19. Bd3 g6 20. Rhe1 Rfe8 21. Nd4
Bf8 22. Bf1 Bg7 23. Nc6 Qb6 24. Be3 Qc7 25. Bf4 Rac8 26. Qh1 Nb6 27. Bxe5 dxe5
28. Bg2 Qd6 29. Be4 Na4 30. Qf3 Rc7 31. h4 Nc5 32. Qe3 a5 33. b3 a4 34. b4 Nxe4
35. Qxe4 a3 36. Rd3 Ra8 37. Ree3 Kh7 38. Rxa3 Rac8 39. Rad3 Re8 40. Rf3 Rd7 41.
Rf2 Qc7 42. Rc3 Qb6 43. Rc5 Bf8 44. Nxe5 Rde7 45. d6 Qxd6 46. Rf3 Qd1+ 47. Kb2
Bg7 48. Rd3 Rxe5 49. Rxe5 Rxe5 50. Qd4 Qe1 51. c3 Re2+ 52. Rd2 Rxd2+ 0-1

[Event "European Blitz Championship 2021"]
[Site "Katowice"]
[Date "2021.12.17"]
[Round "21.21"]
[White "Reimanis, Ritvars"]
[Black "Zychowski, Marek"]
[Result "1-0"]
[WhiteElo "2397"]
[BlackElo "1838"]
[Annotator "NA"]
[PlyCount "39"]
[EventDate "2021.12.17"]
[EventType "swiss"]
[EventCountry "POL"]
[SourceTitle "playchess.com"]
[Source "ChessBase"]
[SourceQuality "1"]

1. d4 d6 2. e4 g6 3. c4 Bg7 4. Nc3 Nf6 5. Nf3 O-O 6. Be2 a6 7. O-O c6 8. a4 Re8
9. h3 b6 10. d5 Bb7 11. Qb3 cxd5 12. exd5 Nfd7 13. a5 Qc7 14. Be3 bxa5 15. Qa4
Nc5 16. Qxe8+ Bf8 17. Ng5 e6 18. Bxc5 dxc5 19. dxe6 fxe6 20. Qxf8+ 1-0

[Event "European Blitz Championship 2021"]
[Site "Katowice"]
[Date "2021.12.17"]
[Round "21.21"]
[White "Nasuta, Grzegorz"]
[Black "Wisniewski, Michal"]
[Result "1/2-1/2"]
[WhiteElo "2377"]
[BlackElo "2215"]
[Annotator "NA"]
[PlyCount "149"]
[EventDate "2021.12.17"]
[EventType "swiss"]
[EventCountry "POL"]
[SourceTitle "playchess.com"]
[Source "ChessBase"]
[SourceQuality "1"]

1. e4 Nf6 2. e5 Nd5 3. d4 d6 4. c4 Nb6 5. exd6 cxd6 6. Nc3 g6 7. Be3 Bg7 8. Rc1
O-O 9. b3 a5 10. Be2 a4 11. Nf3 Bg4 12. O-O d5 13. c5 Nc8 14. Nxa4 Nc6 15. h3
Bxf3 16. Bxf3 e6 17. Nc3 N8e7 18. a4 Nf5 19. Nb5 Nxe3 20. fxe3 Qg5 21. Qe2 Rad8
22. Rb1 e5 23. Qf2 e4 24. Be2 Bh6 25. Rbd1 Qxe3 26. Nd6 Qxf2+ 27. Kxf2 Rb8 28.
Bb5 Nb4 29. Ke2 f5 30. g3 Rf6 31. h4 Bf8 32. Ne8 Rf7 33. Rc1 Nc6 34. Bxc6 bxc6
35. Nd6 Rf6 36. Rc3 Bxd6 37. cxd6 Rxd6 38. Rfc1 Rb6 39. a5 Ra6 40. b4 h6 41.
Rc5 g5 42. b5 cxb5 43. Rxb5 Rdc6 44. Rxc6 Rxc6 45. Rxd5 f4 46. hxg5 fxg3 47.
gxh6 Rg6 48. Kf1 Rxh6 49. Kg2 Rg6 50. Re5 Rd6 51. Rxe4 Rd5 52. a6 Ra5 53. Re6
Kf7 54. Rb6 Ra3 55. d5 Ke7 56. Rg6 Kd7 57. a7 Kc7 58. Rxg3 Rxa7 59. Rg7+ Kb6
60. Rxa7 Kxa7 61. Kf3 Kb6 62. Ke4 Kc7 63. Ke5 Kd7 64. d6 Kd8 65. Kd5 Kd7 66.
Kc5 Kd8 67. Kc6 Kc8 68. Kd5 Kd7 69. Ke5 Kd8 70. Ke6 Ke8 71. Kd5 Kd7 72. Ke5 Kd8
73. Ke6 Ke8 74. d7+ Kd8 75. Kd6 1/2-1/2

[Event "European Blitz Championship 2021"]
[Site "Katowice"]
[Date "2021.12.17"]
[Round "21.22"]
[White "Gdanski, Jacek"]
[Black "Tymrakiewicz, Rafal"]
[Result "1-0"]
[WhiteElo "2367"]
[BlackElo "2172"]
[Annotator "NA"]
[PlyCount "111"]
[EventDate "2021.12.17"]
[EventType "swiss"]
[EventCountry "POL"]
[SourceTitle "playchess.com"]
[Source "ChessBase"]
[SourceQuality "1"]

1. e4 Nf6 2. e5 Nd5 3. d4 d6 4. Nf3 g6 5. Bc4 Nb6 6. Bb3 d5 7. h3 Bg7 8. O-O
Nc6 9. c3 f6 10. exf6 exf6 11. Re1+ Kf7 12. Bf4 Na5 13. Bc2 Be6 14. b3 Re8 15.
Nbd2 Qd7 16. Nf1 Nc6 17. Qd2 Nc8 18. Ng3 Nd6 19. Re2 Re7 20. Rae1 Rae8 21. c4
Nd8 22. c5 Nc8 23. b4 a6 24. a4 Kg8 25. Rb1 Bf7 26. Rxe7 Nxe7 27. b5 axb5 28.
axb5 Ne6 29. Bh6 Bh8 30. b6 cxb6 31. Rxb6 Nc6 32. Ba4 Ned8 33. Qb2 g5 34. Bc2
Bg6 35. Qb1 Bxc2 36. Qxc2 Nf7 37. Qb3 Re7 38. Bxg5 fxg5 39. Kh2 h6 40. Qc2 Kf8
41. Nf5 Re4 42. g4 Bg7 43. Qb3 Rf4 44. Rxb7 Qc8 45. Rb6 h5 46. Qe3 hxg4 47.
hxg4 Qc7 48. Kh3 Qc8 49. Nxg5 Rxf5 50. Ne6+ Kg8 51. gxf5 Bf6 52. Qg3+ Kh8 53.
Qg6 Qg8 54. Rxc6 Ng5+ 55. Nxg5 Qxg6 56. fxg6 1-0

[Event "European Blitz Championship 2021"]
[Site "Katowice"]
[Date "2021.12.17"]
[Round "21.22"]
[White "Kossobudzki, Robert"]
[Black "Putlak, Wojciech"]
[Result "0-1"]
[WhiteElo "1908"]
[BlackElo "2153"]
[Annotator "NA"]
[PlyCount "60"]
[EventDate "2021.12.17"]
[EventType "swiss"]
[EventCountry "POL"]
[SourceTitle "playchess.com"]
[Source "ChessBase"]
[SourceQuality "1"]

1. Nf3 Nf6 2. b4 g6 3. Bb2 Bg7 4. g3 b6 5. Bg2 Bb7 6. O-O O-O 7. c4 d6 8. d4
Nbd7 9. Nbd2 Ne4 10. Nb3 c5 11. bxc5 bxc5 12. Qc2 cxd4 13. Nbxd4 Nec5 14. Ng5
Bxg2 15. Kxg2 e5 16. Nc6 Qxg5 17. h4 Qg4 18. f3 Qe6 19. Rad1 a5 20. Bc3 Qxc4
21. Rxd6 Rfe8 22. Qd2 Bf8 23. Rd5 Nb6 24. Nxe5 Qxd5 25. Qf4 Bg7 26. h5 Bxe5 27.
Qg4 Bxc3 28. hxg6 hxg6 29. Rh1 Rxe2+ 30. Kh3 Qh5+ 0-1

[Event "European Blitz Championship 2021"]
[Site "Katowice"]
[Date "2021.12.17"]
[Round "21.23"]
[White "Piesik, Piotr"]
[Black "Starek, Stanislav"]
[Result "1/2-1/2"]
[WhiteElo "2336"]
[BlackElo "2159"]
[Annotator "NA"]
[PlyCount "139"]
[EventDate "2021.12.17"]
[EventType "swiss"]
[EventCountry "POL"]
[SourceTitle "playchess.com"]
[Source "ChessBase"]
[SourceQuality "1"]

1. Nf3 d5 2. g3 Nc6 3. Bg2 Bf5 4. O-O Qd7 5. c4 e6 6. cxd5 exd5 7. d3 Be7 8.
Nc3 h5 9. h4 Nf6 10. Bg5 d4 11. Bxf6 Bxf6 12. Ne4 Bxe4 13. dxe4 O-O-O 14. Rc1
Rdg8 15. Qa4 Kb8 16. Qb5 Ne5 17. Qxd7 Nxd7 18. Nd2 g5 19. hxg5 Bxg5 20. f4 Be7
21. Rf3 h4 22. gxh4 Rxh4 23. Kf2 Nf6 24. Rh1 Ng4+ 25. Ke1 Ne3 26. Bh3 Bb4 27.
a3 Ba5 28. b4 Bb6 29. Nf1 a5 30. Nxe3 dxe3 31. Kf1 axb4 32. axb4 c5 33. bxc5
Bxc5 34. Rg1 Rxg1+ 35. Kxg1 b5 36. Bf5 b4 37. e5 b3 38. Kg2 b2 39. Rf1 Bd4 40.
Kg3 Rh6 41. Bb1 Rc6 42. Bd3 Rc1 43. Kg2 Kc7 44. Be4 Kb6 45. Bd3 Kc5 46. Be4 Kb4
47. Rh1 Rxh1 48. Kxh1 Kc3 49. Kg2 Kd2 50. Kf3 Bc5 51. f5 Be7 52. Bd3 Bc5 53.
Be4 Bd4 54. e6 fxe6 55. fxe6 Bf6 56. Bd3 Be7 57. Be4 Bc5 58. Bd3 Kc3 59. Ke4
Kd2 60. Kf3 Be7 61. Be4 Bg5 62. Bd3 Be7 63. Be4 Bc5 64. Bd3 Kc1 65. e7 Bxe7 66.
Kxe3 Bg5+ 67. Ke4 Kd2 68. Kd4 Be3+ 69. Kc4 Kc1 70. Kb3 1/2-1/2

[Event "European Blitz Championship 2021"]
[Site "Katowice"]
[Date "2021.12.17"]
[Round "21.23"]
[White "Rigopoulos-Tsigkos, Alexandros"]
[Black "Vingris. Mikelis"]
[Result "0-1"]
[WhiteElo "2152"]
[BlackElo "1844"]
[Annotator "NA"]
[PlyCount "188"]
[EventDate "2021.12.17"]
[EventType "swiss"]
[EventCountry "POL"]
[SourceTitle "playchess.com"]
[Source "ChessBase"]
[SourceQuality "1"]

1. e4 c5 2. Nf3 d6 3. d4 cxd4 4. Qxd4 Nf6 5. Nc3 g6 6. e5 Nc6 7. Bb5 dxe5 8.
Qxd8+ Kxd8 9. Bxc6 bxc6 10. Nxe5 Ke8 11. Be3 Nd5 12. Bd4 Nxc3 13. Bxc3 Bg7 14.
O-O-O Bxe5 15. Bxe5 f6 16. Bc3 Kf7 17. Rhe1 Be6 18. Bb4 Rhd8 19. Bc5 a6 20. b3
Rd5 21. Bb6 Rb8 22. Be3 Rbd8 23. Rxd5 Bxd5 24. f3 e5 25. a4 Be6 26. Bb6 Rd7 27.
Re3 Rb7 28. a5 Rd7 29. Rc3 Bd5 30. Rc5 Rd6 31. c4 Be6 32. Bc7 Rd3 33. Kb2 Bd7
34. Kc2 Bf5 35. Kb2 Bd7 36. f4 exf4 37. Bxf4 Rd4 38. Be3 Re4 39. Bd2 Re2 40.
Kc3 Rxg2 41. Bf4 Rf2 42. Bg3 Rf3+ 43. Kb4 Ke7 44. Bc7 h5 45. Bb6 Kd6 46. Ba7 g5
47. Bb8+ Ke7 48. Ka4 h4 49. b4 Rf1 50. Kb3 Rf3+ 51. Kc2 Rf2+ 52. Kd3 Rf3+ 53.
Ke4 Rb3 54. b5 axb5 55. cxb5 Rxb5 56. Kd4 Rb4+ 57. Rc4 Rb5 58. Bc7 Rb1 59. a6
Ra1 60. Kc5 Rxa6 61. Bb6 Ra1 62. Re4+ Kf7 63. Kd6 Bf5 64. Re7+ Kg6 65. Bd4 Rd1
66. Kc5 Rd2 67. Rc7 Rxh2 68. Kd6 Rc2 69. Ke7 h3 70. Kf8 h2 71. Rg7+ Kh5 72.
Bxf6 h1=Q 73. Rxg5+ Kh6 74. Rxf5 Qe4 75. Bg7+ Kg6 76. Rf6+ Kg5 77. Rf7 Ra2 78.
Bf6+ Kg6 79. Bd8 Ra8 80. Rg7+ Kh6 81. Rd7 Qf5+ 82. Ke7 Qe5+ 83. Kf7 Qd5+ 84.
Rxd5 cxd5 85. Bf6 Ra6 86. Bd4 Kg5 87. Ke7 Kf4 88. Kd7 Ke4 89. Bc5 d4 90. Kc7 d3
91. Kb7 Rg6 92. Bb4 Ke3 93. Kc7 d2 94. Bxd2+ Kxd2 0-1